000 00282nam a2200121Ia 4500
008 220216s9999 xx 000 0 und d
100 _aThomas K U
245 0 _aAadaya vardhanavinu rainguarding
260 _bRubber
_c2008
300 _a6-8.
650 _aRainguarding
942 _cML
999 _c72837
_d72837